00474nam a2200193Ia 4500003000400000005001700004008004100021020001800062040000700080041000800087082001700095100001900112245006400131250000700195260003600202300001700238365001300255650001200268OSt20230506123624.0210423s2012 xx 000 0 und d a9788131717967 cAL aeng a530 YOUH223 aYOUNG (Hugh D) aSears and Zemanskys university physics: with modern physics a12 bPearson Education Pvt Ltdc2012 axix,1551bPB b750cINR aPhysics